| 000 | 00596nam a22002057a 4500 | ||
|---|---|---|---|
| 008 | 240702b mp ||||| |||| 00| 0 mon d | ||
| 035 | _a21051 | ||
| 040 |
_aZA2481090 _brus _cMN-UlNLM _dMN-UlNLM _erda |
||
| 041 | _arus | ||
| 042 | _a50280 | ||
| 084 |
_2NNA _a84/2орос/-44 _bЛ-59 |
||
| 100 | _aЛиндгрен А. | ||
| 245 | 0 | _aПиппи длинныйчулок | |
| 264 |
_aСанкт-Петербург _bАзбука _c1999 |
||
| 300 | _a528х. | ||
| 336 |
_2rdacontent _atext _btxt |
||
| 337 |
_2rdamedia _aunmediated _bn |
||
| 338 |
_2rdacarrier _avolume _bnc |
||
| 942 |
_2NNA _cBK |
||
| 999 |
_c1088837 _d1088894 |
||